000 nam a22 7a 4500
999 _c7583
_d7583
008 170921b xxu||||| |||| 00| 0 eng d
100 _94097
_aBhagat C.
245 _aHalf Girls Friend
260 _aNew Delhi
_bRuba Publication
_c2014